Normal view
MARC view
- Chan, Lawrence Kum Peng
Entry Personal Name
001 - CONTROL NUMBER
- control field: 6032
003 - CONTROL NUMBER IDENTIFIER
- control field: OSt
005 - DATE AND TIME OF LATEST TRANSACTION
- control field: 20170518143041.0
008 - FIXED-LENGTH DATA ELEMENTS
- fixed length control field: 170518|| aca||aabn | a|a d
040 ## - CATALOGING SOURCE
- Original cataloging agency: OSt
- Transcribing agency: OSt
100 ## - HEADING--PERSONAL NAME
- Personal name: Chan, Lawrence Kum Peng
670 ## - SOURCE DATA FOUND
- Source citation: Work cat.: (OSt)0: You can make it happen /, 1984

PORTAL AKMAL
E-MEL JKDM
AKMAL2U
G-BAM
u-PUSTAKA